| 000 | 00597nam a2200193 a 4500 | ||
|---|---|---|---|
| 005 | 20140310183550.0 | ||
| 008 | 111013s19uu xx 00 eng d | ||
| 020 | _a9710869671 | ||
| 050 |
_aQA 76.73.B3 _b.P422 2010 |
||
| 100 | _aPepito, Copernicus | ||
| 245 |
_aIntroduction to visual basic 2008 programming / _cCopernicus Pepito. |
||
| 260 |
_aMandaluyong City : _bNational Book Store, _c2010. |
||
| 300 |
_a381 p. : _bill. ; _c25 cm.l |
||
| 521 | _aIT | ||
| 650 | _aVisual basic (computer program language) | ||
| 650 | _aMicrosoft visual basic | ||
| 942 |
_cBK _2lcc _kLOC |
||
| 999 |
_c24938 _d24938 |
||